Getting the goods : ports, labor, and the logistics revolution
Αποθηκεύτηκε σε:
| Κύριος συγγραφέας: | |
|---|---|
| Άλλοι συγγραφείς: | |
| Μορφή: | Βιβλίο |
| Γλώσσα: | English |
| Δημοσίευση: |
United States Of America :
Cornell University,
c2004
|
| Θέματα: | |
| Ετικέτες: |
Προσθήκη ετικέτας
Δεν υπάρχουν, Καταχωρήστε ετικέτα πρώτοι!
|
MARC
| LEADER | 00000cam a2200000 i 4500 | ||
|---|---|---|---|
| 001 | 1/17280 | ||
| 008 | 120111s2008 eng d | ||
| 035 | |l 10111653 | ||
| 040 | |a GR-MY-UA |b gre |e aacr | ||
| 041 | 0 | |a eng | |
| 082 | 0 | |a 387.153 |2 (22) | |
| 100 | 1 | |a Bonacich, Edna. | |
| 245 | 1 | 0 | |a Getting the goods : |b ports, labor, and the logistics revolution / |c Bonacich Edna, Jake B. Wilson |
| 260 | |a United States Of America : |b Cornell University, |c c2004 | ||
| 300 | |a 274 p. | ||
| 504 | |a Περιλαμβάνει βιβλιογραφικές αναφορές και ευρετήριο. | ||
| 650 | 0 | 0 | |a Container terminals. |
| 650 | 0 | 0 | |a Cargo handling. |
| 650 | 0 | 0 | |a Shipping. |
| 650 | 0 | 0 | |a Business logistics. |
| 700 | 1 | |a Jake, Wilson B. | |
| 852 | |a INST |b CHIOS |e 20120111 |h 387.153 BON |p 005200033168 |q 005200033168 |t BK |y 0 | ||
| 901 | |a BIBL2-2012-1 | ||
| 909 | |a Χ |b 168873 | ||
| 970 | |a ΠΟΥΛΑΚΗ |b ΣΤΕΛΛΑ |z 2012/01/11 | ||